| 000 | 00712nam a22002057a 4500 | ||
|---|---|---|---|
| 003 | OSt | ||
| 005 | 20250829092610.0 | ||
| 008 | 250829b |||||||| |||| 00| 0 eng d | ||
| 020 | _a9789814646277 | ||
| 040 |
_aDWCL-Main lib. _cOC |
||
| 082 |
_2 9th edition _aCirc. 658.3 H918 2015 |
||
| 100 | _aRaymond A. Noe | ||
| 245 |
_aHuman resource management: _bgaining a competitive advantage _cRaymond A. Noe |
||
| 250 | _a 9th edition | ||
| 260 |
_a New York : _bMcGraw-Hill Education, _c c2015. |
||
| 300 |
_a xliv, 787 pages ; _c 26 cm. |
||
| 504 | _aIncludes glossary | ||
| 650 | _aPersonnel management--United States. I. Noe, Raymond A. II. Hollenbeck, John R. III. Title. | ||
| 942 |
_2ddc _cBK-CIRC _kCirc. _n0 |
||
| 999 |
_c4375 _d4375 |
||